000 00547cam a2200145 4500500
005 20260426012613.0
041 _afre
042 _adc
100 1 0 _aBoutillier, Sophie
_eauthor
245 0 0 _aVauban : La Dîme royale texte présenté et commenté par Jean-Marc Daniel coll. Finances publiques, L’Harmattan, 2004,216 pages
260 _c2005.
500 _a1
786 0 _nInnovations | 22 | 2 | 2005-09-01 | p. 271c-279c | 1267-4982
856 4 1 _uhttps://shs.cairn.info/revue-innovations-2005-2-page-271c?lang=fr&redirect-ssocas=7080
999 _c2224284
_d2224284